000 00594nam a22002177a 4500
005 20170124110234.0
010 _a855114
020 _c00.00
_a490003478
035 _a855114
037 _bCen Lib/Ret
040 _aDPL
_bEN
082 _a133
_bHOL
100 _aHolroyd, Stuart
_941795
245 _aPsychic voyages /
_cby Stuart Holroyd
260 _aLondon
_bAldus Books
_c1976
270 _bLondon
_a17, conway street
300 _a144p.:
_c25cm(Hb)
_bill.
650 _aPhilosophy
_v
_941796
650 _aReincarnation
_912984
942 _2ddc
_cEN
_h133
_mHOL
999 _c134799
_d134799